Normal view
MARC view
Entry Personal Name
001 - CONTROL NUMBER
- control field: 8913
003 - CONTROL NUMBER IDENTIFIER
- control field: ARRUPE
005 - DATE AND TIME OF LATEST TRANSACTION
- control field: 20140225130032.0
008 - FIXED-LENGTH DATA ELEMENTS
- fixed length control field: 140225|| aca||aabn | a|a d
040 ## - CATALOGING SOURCE
- Original cataloging agency: ARRUPE
- Transcribing agency: ARRUPE
100 ## - HEADING--PERSONAL NAME
- Personal name: Gerard, John
670 ## - SOURCE DATA FOUND
- Source citation: Work cat.: (ARRUPE): Gerard, John 8912, The secret instructions, monita secreta, of the Jesuits (1901), 1901